Statistiken für Meme-Songs zuordnen - Karten Quiz #1

Klicken Sie hier um das Quiz zu spielen!

Allgemein

  • Dieses Quiz wurde 87 mal gespielt
  • Das Durchschnittsergebnis liegt bei 4 aus 15

Antworten auf der Karte

Die Antworten werden auf der Karte rot bzw. grün angezeigt, abhängig davon wie oft sie richtig erraten wurden.
 

Antwortstatistiken

Antwort% Korrekt
All Star (1999)
64%
Another One Bites the Dust (1980)
46%
Sinfonie Nr. 5 c-Moll op. 67 (1807/08)
45%
Tetris Theme (1984)
41%
Levels (2011)
33%
Barbie Girl (1997)
30%
Giorno's Theme (2019)
30%
Ievan Polkka (1928)
30%
Run Away [Epic Sax Guy] (2010)
26%
Mr. Saxobeat (2011)
24%
Hallelujah (1984)
17%
Red Sun in the Sky (1992)
17%
Shooting Stars (2009)
17%
Crab Rave (2018)
11%
Deja Vu (1999)
7%

Verteilung der Resultate

Perzentil nach korrekt beantworteten Fragen

Anzahl Personen mit jedem Resultat

Ihre Resultats-Entwicklung

Sie haben dieses Quiz noch nicht gespielt